000 00415nam a22001697a 4500
020 _a978-93-5482-965-9
082 _aM3
_bSHE/A
100 _aSheela Tomy
245 _aAa Nadiyodu peru chodikkaruthu/
_cby Sheela Tomy.
250 _a5th ed.
260 _aKerala:
_bDC Books,
_c2025.
300 _a319p.
650 _aNovel Malayalam
650 _aLiterature Malayalam
650 _a Literature
942 _cBK
999 _c181800
_d181800